A Comprehensive study revealing fungal virulence factors associated with Corynespora leaf fall disease (CLFD) in Hevea brasiliensis elucidated by whole genome and transcriptome analysis (Record no. 75050)
[ view plain ]
| 000 -LEADER | |
|---|---|
| fixed length control field | 02321nam a22002057a 4500 |
| 100 ## - MAIN ENTRY--AUTHOR NAME | |
| Personal name | Reshma, T.R. |
| 245 ## - TITLE STATEMENT | |
| Title | A Comprehensive study revealing fungal virulence factors associated with Corynespora leaf fall disease (CLFD) in Hevea brasiliensis elucidated by whole genome and transcriptome analysis |
| 260 ## - PUBLICATION, DISTRIBUTION, ETC. (IMPRINT) | |
| Name of publisher | Rubber Science, 36(1) |
| Year of publication | 2023 |
| 300 ## - PHYSICAL DESCRIPTION | |
| Number of Pages | 28-35. |
| 520 ## - SUMMARY, ETC. | |
| Summary, etc | Corynespora leaf fall disease (CLFD) caused by the fungus Corynespora cassiicola is a major leaf disease of Hevea brasiliensis that severely affects its growth and yield. The pathogen is genetically highly diverse, but there is no clear understanding regarding its pathogenicity. A small glycosylated secreted protein called cassiicolin is thought to be an effector involved in the disease development process in most of the virulent isolates. The present study was aimed at identifying the virulence factors involved in CLFD in Hevea. The genome of a highly virulent C. cassiicola isolate (HV) from the rubber tree was sequenced and assembled. Sequence data was generated and gene prediction was performed. The predicted genes were searched against the Database of Fungal Virulence Factors (DFVF). One thousand and twentysix proteins of the organism matched against the database and two hundred and twenty nine proteins were classified as leaf spot-associated virulence factors. The genes predicted from the assembled whole genome were validated by RNA sequencing and transcriptome analysis. The de novo transcriptome was assembled, and the transcripts were searched for homology against DFVF using Diamond tool with an e-value threshold of 0.00001. One thousand four hundred and twenty eight genes were annotated as virulence factors, of which five hundred and sixty five were classified as plant pathogen related. The genomic and transcriptomic analysis revealed that the major virulence proteins were classified as leaf spot-associated virulence factors of the mapped genes, which are predominant in Corynespora leaf fall disease of rubber. |
| 650 ## - SUBJECT ADDED ENTRY--TOPICAL TERM | |
| Topical Term | Corynespora cassiicola |
| 650 ## - SUBJECT ADDED ENTRY--TOPICAL TERM | |
| Topical Term | Corynespora leaf fall disease |
| 650 ## - SUBJECT ADDED ENTRY--TOPICAL TERM | |
| Topical Term | Fungal virulence factors |
| 650 ## - SUBJECT ADDED ENTRY--TOPICAL TERM | |
| Topical Term | Transcriptome analysis |
| 650 ## - SUBJECT ADDED ENTRY--TOPICAL TERM | |
| Topical Term | Whole genome sequencing |
| 700 ## - ADDED ENTRY--PERSONAL NAME | |
| Personal name | Shilpa Babu |
| 700 ## - ADDED ENTRY--PERSONAL NAME | |
| Personal name | Vineeth, V.K |
| 700 ## - ADDED ENTRY--PERSONAL NAME | |
| Personal name | Philip, S |
| 942 ## - ADDED ENTRY ELEMENTS (KOHA) | |
| Koha item type | Journals |
| Withdrawn status | Lost status | Damaged status | Not for loan | Home library | Current library | Date acquired | Koha item type |
|---|---|---|---|---|---|---|---|
| RRII Library | RRII Library | 21/09/2023 | Journals |